• 首页
  • 本馆介绍
  • 公告通知
  • 最新文献
  • 馆藏检索
  • 电子资源
  • 读者导购
  • 参考咨询
  • 我的图书馆
  • 登录
  • 详细信息显示
  • 放入我的书架
  • 预约/预借图书
  • 作者相关作品
  • 分类相关作品
  • 丛书相关作品
  • 出版社相关作品

书目信息

  • 表格格式
  • 工作单格式
  • 卡片格式
题名:
网络法
    
 
作者: 商建刚 著
分册:  
出版信息: 上海   学林出版社  2005
页数: 346页
开本: 21cm
丛书名:
单 册:
中图分类: D912.104
科图分类:
主题词: 计算机网络--科学技术管理--法规--中国 , 法学--部门
电子资源:
ISBN: 7-80730-014-0
000 01204nam0 2200337 450
000 01167nam0 2200325 450
000 01107nam0 2200313 450
000 01053nam0 2200289 450
000 01082nam0 2200277 450
000 01045nam0 2200265 45
001 TS2006035891
005 20061216100258.07
010    @a7-80730-014-0@dCNY20.00
100    @a20060829d2005 em y0chiy0120 ea
101 0  @achi@aeng
102    @aCN@b310000
105    @aa a 000yy
200 1  @a网络法@AWang Luo Fa@f商建刚著@FShang Jian Gang Zhu
210    @a上海@c学林出版社@d2005
215    @a346页@d21cm
314    @a商建刚,网络法专业律师,上海市律师协会电子商务与网络法律研究会委员,上海市信息服务业协会网络游戏专业委员会律师。
320    @a有书目 (第343-346页)
330    @a本书主要内容包括:网络著作权、网络标识、网络游戏、电子商务、网络隐私权、网络公司、网络犯罪七大部分。
606 0  @a计算机网络@x科学技术管理@x法规@y中国
606 0  @a法学@x部门
690    @aD912.104@v4
701  0 @a商建刚@AShang Jian Gang@4著
801  0 @aCN@b中图数据@c20061216
905    @a10447@dD912.104@e299
    
    网络法/商建刚著.-上海:学林出版社,2005
    346页;21cm
    
    
    ISBN 7-80730-014-0:CNY20.00
    本书主要内容包括:网络著作权、网络标识、网络游戏、电子商务、网络隐私权、网络公司、网络犯罪七大部分。
●
相关链接 在E读中查询图书 在五车中查询图书 在当当中查询图书 在豆瓣中查询图书


正题名:网络法     索取号:D912.104/299         预约/预借

序号 登录号 条形码 馆藏地/架位号 状态 备注
1 0603352   206033521   第一样本阅览室/ [索取号:D912.104/299] 在馆    
2 0603353   206033530   第一借阅区/ [索取号:D912.104/299] 在馆    
3 0603354   206033549   第一借阅区/ [索取号:D912.104/299] 在馆    
4 0603355   206033558   第一借阅区/ [索取号:D912.104/299] 在馆    
5 0603356   206033567   第一借阅区/ [索取号:D912.104/299] 在馆    
6 0603357   206033576   第一借阅区/ [索取号:D912.104/299] 在馆    
唐山师范学院图书馆 欢迎您!
大连网信软件有限公司© 版权所有